000 00381cam a2200169 4500
001 D13225
008 090401t1946 xxu||||| |||| 00| 0 eng d
035 _a(Sirsi) u8575
041 _aeng
100 _aLeach, W. A.
245 _aUrban estate management
260 _aLondon
_bEstates Gazette
_c1946
350 _a0
520 _aShelf 118
942 _n0
948 _c04/03/1997
999 _c86532
_d86532